• 首页
  • 本馆介绍
  • 公告通知
  • 最新文献
  • 馆藏检索
  • 电子资源
  • 读者导购
  • 参考咨询
  • 我的图书馆
  • 登录
  • 详细信息显示
  • 放入我的书架
  • 预约/预借图书
  • 作者相关作品
  • 分类相关作品
  • 丛书相关作品
  • 出版社相关作品

书目信息

  • 表格格式
  • 工作单格式
  • 卡片格式
题名:
鲍德里亚与消费社会
    
 
作者: ;孔明安 , 陆杰荣 主编 ;鲍德里亚与消费社会全国学术研讨会
分册:  
出版信息: 沈阳   辽宁大学出版社  2008
页数: 243页
开本: 21cm
丛书名:
单 册:
中图分类: B565.59 , C913.3-532
科图分类:
主题词: 哲学思想--zhe xue si xiang--研究--法国--现代--会议录 , 消费--xiao fei--社会学--研究--学术会议--会议录
电子资源:
ISBN: 978-7-5610-5282-2
000 01256nam0 2200313 450
001 1135259885
005 20111004094843.65
010    @a978-7-5610-5282-2@dCNY25.00
099    @aCAL 012008111128
100    @a20080719d2008 ekmy0chiy0120 ea
101 0  @achi
102    @aCN@b210000
105    @ay a 100yy
200 1  @a鲍德里亚与消费社会@9bao de li ya yu xiao fei she hui@f孔明安, 陆杰荣主编
210    @a沈阳@c辽宁大学出版社@d2008
215    @a243页@d21cm
314    @a2007年8月18日-19日, “鲍德里亚与消费社会”全国学术研讨会在沈阳市召开
320    @a有书目
330    @a本书收录了研究鲍德里亚思想的论文,包括《文明的挽歌》、《鲍德里亚的象征交换理论》、《鲍德里亚论“诱惑”》、《从存在论看鲍德里亚消费社会理论的意义》等文。
600  1 @a鲍德里亚,@f1929-2007@x思想评论
606 0  @a哲学思想@9zhe xue si xiang@x研究@y法国@z现代@j会议录
606 0  @a消费@9xiao fei@x社会学@x研究@x学术会议@j会议录
690    @aB565.59@v4
690    @aC913.3-532@v4
702  0 @a孔明安@9kong ming an@4主编
702  0 @a陆杰荣@9lu jie rong@4主编
711 12 @a鲍德里亚与消费社会全国学术研讨会@9bao de li ya yu xiao fei she hui quan guo xue shu yan tao hui@f(2007 :@e沈阳市, 辽宁省)
801  0 @aCN@b91MARC@c20101222
905    @a10447@dB565.59@eJY146
    
    鲍德里亚与消费社会/孔明安, 陆杰荣主编.-沈阳:辽宁大学出版社,2008
    243页;21cm
    
    
    ISBN 978-7-5610-5282-2:CNY25.00
    本书收录了研究鲍德里亚思想的论文,包括《文明的挽歌》、《鲍德里亚的象征交换理论》、《鲍德里亚论“诱惑”》、《从存在论看鲍德里亚消费社会理论的意义》等文。
●
相关链接 在E读中查询图书 在五车中查询图书 在当当中查询图书 在豆瓣中查询图书


正题名:鲍德里亚与消费社会     索取号:B565.59/JY146         预约/预借

序号 登录号 条形码 馆藏地/架位号 状态 备注
1 7809894   278098942   学院路分馆/ [索取号:B565.59/JY146] 在馆    
2 7809895   278098951   学院路分馆/ [索取号:B565.59/JY146] 在馆    
3 7809896   278098960   学院路分馆/ [索取号:B565.59/JY146] 在馆    
唐山师范学院图书馆 欢迎您!
大连网信软件有限公司© 版权所有